नगीना का जाल (Record no. 63721)

MARC details
000 -LEADER
fixed length control field 00393nam a2200145Ia 4500
008 - FIXED-LENGTH DATA ELEMENTS--GENERAL INFORMATION
fixed length control field 090123s9999 xx 000 0 und d
082 ## - DEWEY DECIMAL CLASSIFICATION NUMBER
Item number 25650
245 ## - TITLE STATEMENT
Title नगीना का जाल
250 ## - EDITION STATEMENT
Edition statement 0
260 ## - PUBLICATION, DISTRIBUTION, ETC. (IMPRINT)
Name of publisher, distributor, etc राज पॉकेट बुक्स
300 ## - PHYSICAL DESCRIPTION
Extent 62
630 ## - SUBJECT ADDED ENTRY--UNIFORM TITLE
Uniform title नगीना का जाल
730 ## - ADDED ENTRY--UNIFORM TITLE
Uniform title नगीना का जाल
942 ## - ADDED ENTRY ELEMENTS (KOHA)
Koha item type Book
Holdings
Withdrawn status Lost status Damaged status Not for loan Home library Current library Date acquired Cost, normal purchase price Total Checkouts Full call number Barcode Date last seen Cost, replacement price Price effective from Koha item type
        Jawahar Wachalanalaya, Kalwa Jawahar Wachalanalaya, Kalwa 03/31/2002 16.00   25650 KLW-25650 01/23/2009 16.00 01/23/2009 Book